[Event "Juniorallsvenskan Div I"]
[Site "Limhamn"]
[Date "2013.11.29"]
[Round "1"]
[White "Yazdankhah, Sam"]
[Black "Kenneskog, Theodor"]
[Result "0-1"]
[WhiteElo "1585"]
[BlackElo "2355"]

1.e4 c5 2.Nf3 d6 3.d4 cxd4 4.Nxd4 Nf6 5.Nc3 a6 6.Be3 e5 7.Nf3 Qc7 8.Be2 
Be7 9.O-O O-O 10.Bg5 Be6 11.Rc1 Nbd7 12.Qd2 b5 13.Bxf6 Nxf6 14.Ng5 Bd7 15.
f4 h6 16.Nf3 Qc5+ 17.Kh1 b4 18.Nd5 Nxd5 19.exd5 exf4 20.Qxf4 Bf6 21.b3 Bb5
22.Bc4 Bxc4 23.bxc4 Rac8 24.Rfd1 Rfd8 25.Rb1 a5 26.a3 bxa3 27.Rb5 Qxc4 28.
Qxc4 Rxc4 29.Rxa5 Bb2 30.Rd2 Rcc8 31.c4 Ra8 0-1

[Event "Juniorallsvenskan Div I"]
[Site "Limhamn"]
[Date "2013.11.29"]
[Round "1"]
[White "Lokander, Martin"]
[Black "Halvarsson, Gustav"]
[Result "1-0"]
[WhiteElo "2249"]
[BlackElo "1574"]

1.e4 e5 2.Nf3 Nf6 3.Nc3 Nc6 4.a3 Bc5 5.Nxe5 Nxe5 6.d4 Bxd4 7.Qxd4 d6 8.Bg5
h6 9.Bh4 Nc6 10.Bb5 Bd7 11.Bxc6 Bxc6 12.O-O-O Qe7 13.Nd5 Bxd5 14.exd5 O-O 
15.Rhe1 Qd8 16.Re3 g5 17.Bg3 Nh5 18.Rde1 Ng7 19.Qd3 Re8 20.Rxe8+ Nxe8 21.
Qb5 Nf6 22.Qxb7 Rb8 23.Qc6 Rb6 24.Qa4 Nxd5 25.Re8+ Qxe8 26.Qxe8+ Kg7 27.
Qa8 Ne7 28.Qxa7 Rc6 29.a4 Rc5 30.a5 Nc6 31.Qxc5 dxc5 32.a6 f5 33.Bxc7 h5 
34.Bb8 h4 35.a7 Nxa7 36.Bxa7 g4 37.Bxc5 f4 38.Bd6 g3 39.hxg3 f3 40.gxf3 h3
41.g4 Kf6 42.Bf4 1-0

[Event "Juniorallsvenskan Div I"]
[Site "Limhamn"]
[Date "2013.11.29"]
[Round "1"]
[White "Morling, Joakim"]
[Black "Johansson, Linus"]
[Result "0-1"]
[WhiteElo "2038"]
[BlackElo "2403"]

1.d4 Nf6 2.c4 e6 3.Nc3 c5 4.d5 exd5 5.cxd5 d6 6.e4 g6 7.Nf3 Bg7 8.h3 O-O 
9.Bd3 a6 10.a4 Nbd7 11.Bf4 Re8 12.O-O Qe7 13.Re1 Nh5 14.Bh2 Ne5 15.Bf1 
Nxf3+ 16.Qxf3 Be5 17.g3 Bd7 18.Qe2 Nf6 19.Bg2 b5 20.f4 Bd4+ 21.Kh1 b4 22.
Qc2 Bf5 23.Ne2 Bxe4 24.Nxd4 Bxc2 25.Rxe7 cxd4 26.Rb7 d3 27.Rc7 b3 0-1

[Event "Juniorallsvenskan Div I"]
[Site "Limhamn"]
[Date "2013.11.29"]
[Round "1"]
[White "Lindgren, Philip"]
[Black "Terochin, Piotr"]
[Result "1-0"]
[WhiteElo "2393"]
[BlackElo "1972"]

1.d4 Nf6 2.Nf3 d5 3.c4 c6 4.Nc3 g6 5.cxd5 cxd5 6.Bg5 Bg7 7.Qb3 e6 8.e3 O-O
9.Be2 Nbd7 10.O-O Qb6 11.Qc2 h6 12.Bh4 a6 13.Rac1 Nh7 14.Bg3 f5 15.Na4 Qd8
16.Qb3 g5 17.Bd6 Nhf6 18.Bxf8 Bxf8 19.Ne5 Bd6 20.Nxd7 Nxd7 21.Nc5 g4 22.
Nxe6 Qe7 23.Nf4 Nf6 24.Nxd5 Nxd5 25.Bc4 Qh4 26.Bxd5+ Kh8 27.g3 Qe7 28.e4 
fxe4 29.Rfe1 Bf5 30.Qxb7 1-0

[Event "Juniorallsvenskan Div I"]
[Site "Limhamn"]
[Date "2013.11.29"]
[Round "1"]
[White "Liedbeck, Patrik"]
[Black "Astrom, Lars"]
[Result "1/2-1/2"]
[WhiteElo "1956"]
[BlackElo "2092"]

1.e4 c5 2.Nf3 Nc6 3.d4 cxd4 4.Nxd4 g6 5.c4 Bg7 6.Be3 Nf6 7.Nc3 O-O 8.Be2 
d6 9.O-O Bd7 10.f3 Qa5 11.Qd2 Rfc8 12.Rac1 a6 13.Rfd1 Rab8 14.Nb3 Qd8 15.
c5 Be6 16.cxd6 Qxd6 17.Qxd6 exd6 18.Rxd6 Nb4 19.Rb6 Bxb3 20.axb3 Nc6 21.
Rd1 Bf8 22.Nd5 Nxd5 23.Rxd5 Bg7 24.Bf4 Bd4+ 25.Rxd4 Nxd4 26.Bxb8 Nxe2+ 27.
Kf1 Rxb8 28.Kxe2 Rc8 29.Kd2 Rc7 30.e5 Kf8 31.Rb4 Ke7 32.Rc4 Rd7+ 33.Ke3 
Ke6 34.f4 h5 35.Rd4 Rc7 36.Rd6+ Ke7 37.h3 Rc2 38.Rd2 Rc5 39.g4 hxg4 40.
hxg4 Rb5 41.Rd3 Rb4 42.Kf3 Ke6 43.Rd6+ 1/2-1/2

[Event "Juniorallsvenskan Div I"]
[Site "Limhamn"]
[Date "2013.11.29"]
[Round "1"]
[White "Ollen, Martin"]
[Black "Tjarnemo, Jonas"]
[Result "1-0"]
[WhiteElo "2084"]
[BlackElo "1811"]

1.e4 c5 2.Nf3 Nc6 3.b3 Nf6 4.Nc3 d5 5.exd5 Nxd5 6.Bb2 Bg4 7.Bc4 e6 8.O-O 
Nb6 9.Bb5 Be7 10.Bxc6+ bxc6 11.Ne4 O-O 12.d3 Qd5 13.Re1 f5 14.Nc3 Qd6 15.
Qe2 Rf6 16.Qe3 Bxf3 17.Qxf3 g5 18.Ne2 Rh6 19.Ng3 g4 20.Qe2 Kf7 21.Be5 Qd7 
22.Rad1 Rd8 23.Qd2 Rg6 24.c4 Bf6 25.Bxf6 Kxf6 26.Qa5 Qe7 27.Qc3+ e5 28.
Nh5+ Kg5 29.Rxe5 Re6 30.Rxe6 Qxe6 31.Nf4 1-0

[Event "Juniorallsvenskan Div I"]
[Site "Limhamn"]
[Date "2013.11.29"]
[Round "1"]
[White "Berggren Torell, Harald"]
[Black "Rydstrom, Tom"]
[Result "1/2-1/2"]
[WhiteElo "2217"]
[BlackElo "2305"]

1.e4 e5 2.Nf3 Nc6 3.Nc3 Nf6 4.Bb5 Bb4 5.O-O O-O 6.d3 d6 7.Bg5 Bxc3 8.bxc3 
Ne7 9.Nh4 c6 10.Bc4 d5 11.exd5 Nexd5 12.Bxd5 cxd5 13.Qf3 h6 14.Bxf6 Qxf6 
15.Qxf6 gxf6 16.Rab1 b6 17.f4 Bd7 18.fxe5 fxe5 19.Rf6 Kg7 20.Rd6 Be6 21.
Nf3 Rac8 22.Rb3 Kf6 23.d4 e4 24.Ne5 Ke7 25.Rc6 f6 26.Ng6+ Kf7 27.Rxc8 Rxc8
28.Nf4 Ke7 29.Kf2 Kd6 30.Ke3 Rc4 31.Ra3 Rc7 32.Kd2 Bd7 33.Rb3 Rc4 34.g3 
1/2-1/2

[Event "Juniorallsvenskan Div I"]
[Site "Limhamn"]
[Date "2013.11.29"]
[Round "1"]
[White "Olofsson-Dolk, Mattis"]
[Black "Bengtsson, Jessica"]
[Result "1/2-1/2"]
[WhiteElo "2156"]
[BlackElo "2123"]

1.e4 e5 2.Nf3 Nc6 3.Bb5 Bc5 4.c3 Nf6 5.O-O O-O 6.d4 Bb6 7.Bg5 d6 8.Qd3 Qe7
9.Nbd2 h6 10.Bh4 Nb8 11.Rfe1 c6 12.Ba4 Nbd7 13.Nf1 Re8 14.Ne3 Bc7 15.Nf5 
Qf8 16.Bb3 d5 17.Nd2 g6 18.Bxf6 Nxf6 19.Ng3 exd4 20.cxd4 dxe4 21.Ndxe4 
Nxe4 22.Nxe4 Kg7 23.d5 cxd5 24.Qxd5 Re5 25.Qd4 Qd8 26.Qc3 Kg8 27.Rac1 Bf5 
28.Qxc7 Qxc7 29.Rxc7 Rxe4 30.Rxe4 Bxe4 31.Rxf7 Kh8 32.f3 Bc6 33.Rf6 Kg7 
34.Rd6 Rf8 35.Kf2 g5 36.Bc2 Be8 37.Re6 Bh5 38.h3 Rf6 39.Re7+ Rf7 40.Rxf7+ 
Bxf7 41.Bb3 Be8 42.Bd5 b6 43.Ke3 Kf6 44.Kd4 Bd7 45.Be4 Be6 46.a3 Bf7 47.g3
Be6 48.h4 Bf7 49.hxg5+ hxg5 50.Bc6 Be6 51.Kc3 a5 52.b4 Ke5 53.bxa5 bxa5 
54.Kd3 Bb3 55.Be4 Ba2 56.Ke3 Bb3 57.f4+ gxf4+ 58.gxf4+ Kd6 59.Kd4 Bf7 60.
Bd3 Be6 61.Bc4 Bd7 62.Bd3 Be6 63.Bg6 Bb3 64.Be8 Be6 65.Bb5 Bf5 66.Bd3 Be6 
67.Bc4 Bd7 68.Bg8 Bc6 69.f5 Ke7 70.Bd5 Ba4 71.Ke5 Be8 72.f6+ Kf8 73.Kd6 
Ba4 74.Kc5 Be8 75.Kb6 a4 76.Be6 Bh5 77.Kb5 Be8+ 78.Kc5 Bh5 79.Kd6 Bd1 80.
Ke5 Bb3 81.Bg4 Bc2 82.Bh5 Bb3 83.Bg6 Bd1 84.Kd4 Bb3 85.Kc3 Be6 86.Kb4 Bb3 
87.Kc3 Be6 88.Kd4 Bb3 89.Ke5 Bd1 90.Be4 Be2 91.Bd5 Bd1 92.Kd4 Bh5 93.Kc5 
Bd1 94.Kb4 Bc2 95.Bc6 Kf7 96.Bxa4 Bd3 97.Bb3+ Kxf6 98.a4 Ke7 99.Bc4 Bxc4 
100.Kxc4 Kd7 101.Kb5 Kc7 102.a5 1/2-1/2

[Event "Juniorallsvenskan Div I"]
[Site "Limhamn"]
[Date "2013.11.29"]
[Round "1"]
[White "Subramanian, Aditya"]
[Black "Fransson, Angelina"]
[Result "1-0"]
[WhiteElo "1814"]
[BlackElo "2101"]

1.d4 Nf6 2.c4 g6 3.Nc3 Bg7 4.e4 d6 5.Nf3 O-O 6.Be2 e5 7.O-O Nc6 8.d5 Ne7 
9.b4 Ne8 10.c5 f5 11.Nd2 Nf6 12.f3 f4 13.Nc4 h5 14.Ba3 g5 15.b5 Ne8 16.b6 
axb6 17.cxb6 Bd7 18.Qb3 Rf6 19.bxc7 Qxc7 20.Rab1 Rb8 21.Qb6 Nc8 22.Qxc7 
Nxc7 23.Nb6 Nxb6 24.Rxb6 Ne8 25.Rfb1 Ra8 26.R1b3 Bc8 27.Bb2 Bf8 28.Ra3 
Rxa3 29.Bxa3 Be7 30.Rb3 Bd8 31.Na4 g4 32.Nb6 gxf3 33.Bxf3 Bg4 34.Nc4 Rg6 
35.Kf1 Bc7 36.Rxb7 Bxf3 37.gxf3 h4 38.Rb2 h3 39.Bb4 Bb8 40.Bc5 Bc7 41.Bg1 
Kf8 42.a4 Rg7 43.a5 Bd8 44.a6 Nc7 45.a7 Rd7 46.Rb8 Ke7 47.Nb6 1-0

[Event "Juniorallsvenskan Div I"]
[Site "Limhamn"]
[Date "2013.11.29"]
[Round "1"]
[White "Gonzales, Emilio"]
[Black "Segerfelt, Louise"]
[Result "1-0"]
[WhiteElo "1645"]
[BlackElo "1767"]

1.e4 e5 2.Nf3 Nc6 3.Bc4 Bc5 4.O-O Nf6 5.d4 exd4 6.e5 d5 7.exf6 dxc4 8.Re1+
Be6 9.Ng5 Qd5 10.Nc3 Qf5 11.Nce4 gxf6 12.g4 Qg6 13.Nxe6 fxe6 14.Nxc5 O-O-O
15.Nxe6 Rde8 16.Bf4 f5 17.Qe2 Nd8 18.Qxc4 Nxe6 19.Rxe6 Qxg4+ 20.Bg3 f4 21.
Rxe8+ Rxe8 22.Qxd4 Rg8 23.Qxa7 fxg3 24.hxg3 c6 25.Re1 Rd8 26.Qa8+ Kc7 27.
Qa5+ Kc8 28.Kg2 Qd7 29.Re3 Qd6 30.Rd3 1-0

[Event "Juniorallsvenskan Div I"]
[Site "Limhamn"]
[Date "2013.11.30"]
[Round "2"]
[White "Morling, Joakim"]
[Black "Tuomainen, Felix"]
[Result "1/2-1/2"]
[WhiteElo "2038"]
[BlackElo "1805"]

1.d4 d5 2.c4 dxc4 3.e3 Nf6 4.Bxc4 e6 5.Nf3 Be7 6.O-O c5 7.Nc3 O-O 8.Qd3 
Nc6 9.a3 a6 10.Rd1 b5 11.Ba2 c4 12.Qc2 Bb7 13.e4 b4 14.axb4 Nxb4 15.Qe2 
Nxa2 16.Rxa2 Qc7 17.Ne5 Bb4 18.Bf4 Rfc8 19.f3 Nh5 20.Be3 f6 21.Ng4 Nf4 22.
Bxf4 Qxf4 23.Ne3 Qc7 24.Ra4 a5 25.Raa1 Ba6 26.Kh1 Qb6 27.d5 Kh8 28.dxe6 
Qxe6 29.Qd2 h6 30.Qd7 Qxd7 31.Rxd7 Rd8 32.Rxd8+ Rxd8 33.Ncd5 Bb5 34.Rc1 
Bd2 35.Rd1 Bb4 36.Kg1 Bc5 37.Kf2 Rb8 38.Nc3 Ba6 39.Rd2 Rb3 40.Ke2 a4 41.
Ned1 a3 42.bxa3 Bxa3 43.Rd8+ Kh7 44.Ra8 Bb7 45.Ra4 Bb4 46.Na2 Bd6 47.h3 
1/2-1/2

[Event "Juniorallsvenskan Div I"]
[Site "Limhamn"]
[Date "2013.11.30"]
[Round "2"]
[White "Yazdankhah, Sam"]
[Black "Terochin, Piotr"]
[Result "0-1"]
[WhiteElo "1585"]
[BlackElo "1972"]

1.e4 c5 2.Nf3 e6 3.d4 cxd4 4.Nxd4 Nf6 5.Nc3 Bb4 6.f3 Nc6 7.a3 Ba5 8.Be3 d5
9.b4 Bb6 10.exd5 Nxd5 11.Nxd5 exd5 12.c3 O-O 13.Be2 Re8 14.Bf2 Nxd4 15.
Bxd4 Qg5 16.O-O Bxd4+ 17.cxd4 Qe3+ 18.Rf2 Bf5 19.Bb5 Re7 20.Qd2 Rc8 21.
Qxe3 Rxe3 22.Re2 Rxe2 23.Bxe2 Rc2 24.Kf1 Kf8 25.Ke1 Ke7 26.Kd1 Kd6 27.b5 
Rb2 28.a4 Rb4 29.Kd2 Rxd4+ 30.Kc3 Rh4 31.h3 Rh6 32.Kd4 Bd7 33.Bf1 Rh4+ 34.
g4 h5 35.Ra3 f5 0-1

[Event "Juniorallsvenskan Div I"]
[Site "Limhamn"]
[Date "2013.11.30"]
[Round "2"]
[White "Liedbeck, Patrik"]
[Black "Halvarsson, Gustav"]
[Result "1-0"]
[WhiteElo "1956"]
[BlackElo "1574"]

1.e4 e6 2.d4 d5 3.Nd2 c5 4.c3 Nc6 5.Ngf3 cxd4 6.cxd4 Bb4 7.e5 Nge7 8.Bd3 
Qb6 9.O-O Nxd4 10.Nxd4 Qxd4 11.Nf3 Qg4 12.h3 Qh5 13.Qa4+ Nc6 14.Bb5 O-O 
15.Bxc6 bxc6 16.Qxb4 Ba6 17.Re1 h6 18.Be3 Bd3 19.Qg4 Qxg4 20.hxg4 Rac8 21.
Rec1 Rfd8 22.Bxa7 f6 23.a4 Be2 24.Nd4 Bxg4 25.Nxc6 Kf7 26.Nxd8+ Rxd8 27.
Rc7+ Kg6 28.Bd4 Be2 29.f4 Kf5 30.Re1 Bc4 31.Rxg7 fxe5 32.Bxe5 d4 33.g4# 
1-0

[Event "Juniorallsvenskan Div I"]
[Site "Limhamn"]
[Date "2013.11.30"]
[Round "2"]
[White "Rydstrom, Tom"]
[Black "Kenneskog, Theodor"]
[Result "1/2-1/2"]
[WhiteElo "2305"]
[BlackElo "2355"]

1.e4 e6 2.d4 d5 3.exd5 exd5 4.Nf3 Nf6 5.Bd3 Bd6 6.O-O O-O 7.Bg5 Bg4 8.c3 
Nbd7 9.Nbd2 c6 10.Re1 Qc7 11.Qc2 Rfe8 12.Bh4 Bh5 13.Bg3 Bxg3 14.hxg3 Bg6 
15.Bxg6 hxg6 16.Rxe8+ Rxe8 17.Re1 Rxe1+ 1/2-1/2

[Event "Juniorallsvenskan Div I"]
[Site "Limhamn"]
[Date "2013.11.30"]
[Round "2"]
[White "Lokander, Martin"]
[Black "Olofsson-Dolk, Mattis"]
[Result "1-0"]
[WhiteElo "2249"]
[BlackElo "2156"]

1.d4 Nf6 2.c4 g6 3.Nc3 d5 4.Nf3 Bg7 5.h4 dxc4 6.e4 Bg4 7.Bxc4 O-O 8.Be3 
Nfd7 9.Qd2 Nb6 10.Be2 Nc6 11.Rd1 Bxf3 12.gxf3 e5 13.d5 Ne7 14.h5 Nec8 15.
Bh6 Qe7 16.b3 a5 17.a4 Rd8 18.Bg5 Bf6 19.Be3 c6 20.Kf1 cxd5 21.exd5 Qb4 
22.hxg6 hxg6 23.Ne4 Qxd2 24.Rxd2 Bg7 25.Bg5 Nd6 26.Bxd8 Rxd8 27.Nxd6 Rxd6 
28.Bc4 Nd7 29.Ke2 b6 30.Kd1 Nc5 31.Kc2 f5 32.Bb5 Kf7 33.Bc6 Bf6 34.Rb1 e4 
35.b4 axb4 36.Rxb4 Bd8 37.fxe4 Nxe4 38.Re2 Bc7 39.a5 Nf6 40.axb6 Bb8 41.
Rb5 Ne4 42.Ra5 Rd8 43.f3 Nd6 44.Ra7+ Kf6 45.Re6+ Kg5 46.Rg7 Nc4 47.Rexg6+ 
Kf4 48.Rg8 1-0

[Event "Juniorallsvenskan Div I"]
[Site "Limhamn"]
[Date "2013.11.30"]
[Round "2"]
[White "Fransson, Angelina"]
[Black "Bit-Narva, David"]
[Result "1-0"]
[WhiteElo "2101"]
[BlackElo "2045"]

1.e4 c5 2.d3 Nc6 3.g3 g6 4.Bg2 Bg7 5.f4 d6 6.Nf3 Nf6 7.O-O O-O 8.c3 b5 9.
Re1 Qc7 10.h3 a5 11.d4 cxd4 12.cxd4 d5 13.e5 Ne4 14.Kh2 Ba6 15.Be3 Rfc8 
16.Nc3 Nxc3 17.bxc3 b4 18.Rc1 Bc4 19.Qd2 bxc3 20.Rxc3 Rab8 21.Bf1 Bxf1 22.
Rxf1 Rb6 23.g4 Rcb8 24.Rfc1 Qd7 25.a3 e6 26.Ne1 Rb2 27.R1c2 Rxc2 28.Qxc2 
Rb6 29.Nd3 Bf8 30.Kg3 Qb7 31.Bf2 Qa6 32.f5 exf5 33.gxf5 Ne7 34.f6 Nf5+ 35.
Kg2 h5 36.Rc8 Rb5 37.Qc7 Qb6 38.Rxf8+ Kxf8 39.Qc8+ 1-0

[Event "Juniorallsvenskan Div I"]
[Site "Limhamn"]
[Date "2013.11.30"]
[Round "2"]
[White "Berglind, Axel"]
[Black "Gonzales, Emilio"]
[Result "1-0"]
[WhiteElo "1988"]
[BlackElo "1645"]

1.c4 c5 2.Nc3 Nc6 3.g3 Nf6 4.Bg2 g6 5.e4 Bg7 6.Nge2 d6 7.O-O O-O 8.f4 a6 
9.d3 Rb8 10.Rb1 Ne8 11.f5 b5 12.b3 Bd7 13.Bd2 Nc7 14.h3 e6 15.g4 Nd4 16.
Ng3 Bc6 17.Qc1 Qh4 18.Nce2 bxc4 19.Bg5 Bh6 20.Bxh6 Qe7 21.Bxf8 Nxe2+ 22.
Nxe2 Rxf8 23.f6 Qd7 24.bxc4 d5 25.Qh6 1-0

[Event "Juniorallsvenskan Div I"]
[Site "Limhamn"]
[Date "2013.11.30"]
[Round "2"]
[White "Johansson, Linus"]
[Black "Berggren Torell, Harald"]
[Result "1-0"]
[WhiteElo "2403"]
[BlackElo "2217"]

1.d4 d6 2.Nf3 g6 3.g3 Bg7 4.c4 Nf6 5.Bg2 O-O 6.O-O Nc6 7.Nc3 a6 8.Qd3 Bd7 
9.a3 Rb8 10.Rd1 Nh5 11.b4 Bg4 12.d5 Ne5 13.Nxe5 Bxe5 14.Bh6 Bg7 15.Bxg7 
Nxg7 16.c5 Ra8 17.a4 a5 18.b5 Ne8 19.Qc4 Bc8 20.Rac1 b6 21.cxb6 cxb6 22.
Ne4 h6 23.Nd2 Nf6 24.Nb3 Nd7 25.Nd4 Nc5 26.Nc6 Qe8 27.Qh4 Kh7 28.Rc3 f6 
29.Qd4 Bd7 30.Be4 Rf7 31.Bc2 Qf8 32.e4 Qg7 33.Re3 Raf8 34.f4 Bh3 35.Rde1 
Kh8 36.Kf2 Bd7 37.Ke2 Rc8 38.Kf2 Rcf8 39.Kg2 Bc8 40.h3 h5 41.Qd2 Qh6 42.
Qf2 Rg8 43.Rf3 g5 44.e5 Bxh3+ 45.Kh2 Bg4 46.fxg5 Qxg5 47.Rf4 f5 48.exd6 
exd6 49.Nd4 h4 50.gxh4 Rh7 51.Nxf5 Bxf5 52.Bxf5 Rf8 53.Qd4+ Rf6 54.Re8+ 
Kg7 55.Re7+ 1-0

[Event "Juniorallsvenskan Div I"]
[Site "Limhamn"]
[Date "2013.11.30"]
[Round "2"]
[White "Bengtsson, Jessica"]
[Black "Lindgren, Philip"]
[Result "1/2-1/2"]
[WhiteElo "2123"]
[BlackElo "2393"]

1.e4 c6 2.d4 d5 3.Nc3 dxe4 4.Nxe4 Nd7 5.Bc4 Ngf6 6.Ng5 e6 7.Qe2 Nb6 8.Bd3 
h6 9.N5f3 c5 10.dxc5 Bxc5 11.Ne5 Nbd7 12.Ngf3 Qc7 13.O-O Bd6 14.Re1 O-O 
15.Nxd7 Bxd7 16.Ne5 Rad8 17.Bf4 Bc6 18.Nxc6 Qxc6 19.Bxd6 Rxd6 20.Rad1 Rfd8
21.c3 Kf8 22.Bc2 Ke7 23.Rxd6 Rxd6 24.Rd1 Ne8 25.Rxd6 Nxd6 26.Bd3 Qd5 27.a3
b6 28.f3 e5 29.g4 g6 30.Qe3 Kf6 31.Kf2 Kg7 32.Ke2 f6 33.h4 Qb3 34.Qd2 f5 
35.Kf2 fxg4 36.fxg4 Qe6 37.Kg3 Qd5 38.Qe3 e4 39.Be2 Qe5+ 40.Qf4 Qe7 41.Qe3
g5 42.hxg5 hxg5 43.Qd4+ Kg6 44.Qd5 Qf6 45.Kg2 Qf4 46.Qg8+ Kf6 47.Qh8+ Kg6 
48.Qg8+ Kf6 49.Qh8+ Ke7 50.Qg7+ Nf7 51.Qd4 Ne5 52.Qb4+ Kf6 53.Qd6+ Kg7 54.
Qe7+ Nf7 55.Qxa7 Qd2 56.Kf2 Qxb2 57.c4 Qd4+ 58.Kf1 e3 59.Qe7 Qf4+ 60.Ke1 
Qd4 61.Kf1 Qf4+ 62.Ke1 Qd4 63.Kf1 Qf4+ 64.Ke1 Qd4 1/2-1/2

[Event "Juniorallsvenskan Div I"]
[Site "Limhamn"]
[Date "2013.11.30"]
[Round "2"]
[White "Astrom, Lars"]
[Black "Subramanian, Aditya"]
[Result "0-1"]
[WhiteElo "2092"]
[BlackElo "1814"]

1.e4 c5 2.Nf3 e6 3.d3 Nc6 4.g3 d6 5.Bg2 Nf6 6.O-O Be7 7.c3 O-O 8.Re1 Bd7 
9.h3 Rc8 10.Nbd2 b5 11.Nf1 Qb6 12.d4 cxd4 13.cxd4 d5 14.e5 Ne4 15.a3 b4 
16.Be3 bxa3 17.bxa3 Nc3 18.Qd3 Na5 19.Bg5 Bb5 20.Qe3 Bxg5 21.Nxg5 Nb3 22.
Kh2 Nxa1 23.Rxa1 h6 24.Nf3 Ne4 25.N1d2 Rc3 26.Qe1 Nxd2 27.Qxd2 Qc6 28.g4 
Rc2 29.Qe3 Re2 30.Qf4 Qc2 31.g5 Rxf2 32.Qg3 hxg5 33.Nxg5 Bf1 34.Rxf1 Rxf1 
35.h4 Qf2 36.Qg4 Qf4+ 37.Qxf4 Rxf4 38.Nf3 Rc8 39.Kg3 Re4 40.Kf2 Rc2+ 0-1

[Event "Juniorallsvenskan Div I"]
[Site "Limhamn"]
[Date "2013.11.30"]
[Round "2"]
[White "Segerfelt, Louise"]
[Black "Ollen, Martin"]
[Result "0-1"]
[WhiteElo "1767"]
[BlackElo "2084"]

1.e4 b6 2.Nc3 Bb7 3.d4 e6 4.Bd3 Nf6 5.Nge2 c5 6.O-O Nc6 7.dxc5 bxc5 8.Ng3 
Be7 9.f4 Qb6 10.Kh1 d6 11.a3 h5 12.Nge2 h4 13.Ng1 h3 14.Nxh3 Nd4 15.Nf2 
O-O-O 16.Ne2 Nxe2 17.Qxe2 Rh4 18.Kg1 Rdh8 19.h3 Nh5 20.Re1 Nxf4 21.Bxf4 
Rxf4 22.c4 Rfh4 23.Rab1 Bf6 24.b4 Bd4 25.bxc5 Qxc5 26.Rb5 Qxa3 27.Kh2 Bc6 
28.Rd1 Bxb5 29.cxb5 Qc5 30.Nh1 Kd7 31.Ng3 Be5 32.Qf3 Ke7 33.Rf1 Rf4 34.Qd1
Rxf1 35.Bxf1 Rh6 36.Be2 Qe3 37.Bf3 Qf2 38.Qc1 Bxg3+ 39.Kh1 Rxh3+ 0-1

[Event "Juniorallsvenskan Div I"]
[Site "Limhamn"]
[Date "2013.11.30"]
[Round "3"]
[White "Tuomainen, Felix"]
[Black "Rydstrom, Tom"]
[Result "1/2-1/2"]
[WhiteElo "1805"]
[BlackElo "2305"]

1.d4 d5 2.Nf3 Nf6 3.c4 c6 4.e3 e6 5.Qc2 Nbd7 6.Nbd2 Be7 7.b3 O-O 8.Bd3 b6 
9.O-O Bb7 10.e4 dxe4 11.Nxe4 Nxe4 12.Bxe4 Nf6 13.Bd3 c5 14.dxc5 Bxc5 15.
Qe2 Qe7 16.Bb2 Rfd8 17.Rad1 a5 18.Bb1 Rxd1 19.Rxd1 a4 20.Ne5 axb3 21.axb3 
Rd8 22.h3 Rxd1+ 23.Qxd1 Ne4 24.Nd3 Qh4 25.Qe2 Bd6 26.Be5 Bxe5 27.Nxe5 f5 
28.Nd7 Qd8 29.Qd3 Qc7 30.Qd4 Nc5 31.Nxc5 bxc5 32.Qc3 Qd6 33.Bc2 Kf7 34.Qe3
h6 35.Qc3 Qf4 36.Qd3 Bc6 37.Qd8 Qc1+ 38.Bd1 Be4 39.Kh2 Qf4+ 40.Kg1 Qc1 41.
Kh2 Qf4+ 42.Kg1 Qc1 43.Kh2 Qf4+ 1/2-1/2

[Event "Juniorallsvenskan Div I"]
[Site "Limhamn"]
[Date "2013.11.30"]
[Round "3"]
[White "Olofsson-Dolk, Mattis"]
[Black "Klingberg, Ludwig"]
[Result "1-0"]
[WhiteElo "2156"]
[BlackElo "1693"]

1.e4 e6 2.d4 d5 3.Nc3 Nf6 4.e5 Nfd7 5.f4 c5 6.Nf3 Nc6 7.Be3 a6 8.Qd2 cxd4 
9.Nxd4 Bc5 10.O-O-O Nxd4 11.Bxd4 b5 12.Kb1 Qb6 13.Ne2 Bb7 14.Qe3 Rc8 15.
Bxc5 Rxc5 16.Nd4 Ke7 17.Qg3 g6 18.Qg5+ f6 19.exf6+ Kf7 20.Re1 Re8 21.Nf3 
Nxf6 22.Ne5+ Kg7 23.Bd3 Ne4 24.Bxe4 dxe4 25.h4 Qd8 26.Qg4 Qd2 27.Re2 Qd4 
28.h5 e3 29.hxg6 Rxe5 30.Qh4 hxg6 31.Qh7+ Kf8 32.fxe5 Be4 33.Rf1+ Bf5 34.
Qxg6 Ke7 35.Qg5+ Kd7 36.Qxe3 Qg4 37.Rd2+ Ke7 38.Rh1 Qg7 39.Qc5+ 1-0

[Event "Juniorallsvenskan Div I"]
[Site "Limhamn"]
[Date "2013.11.30"]
[Round "3"]
[White "Yazdankhah, Sam"]
[Black "Fransson, Angelina"]
[Result "0-1"]
[WhiteElo "1585"]
[BlackElo "2101"]

1.e4 c5 2.Nf3 d6 3.d4 cxd4 4.Nxd4 Nf6 5.Nc3 e6 6.Be3 a6 7.f3 b5 8.Qd2 Bb7 
9.g4 Nc6 10.g5 Nd7 11.a4 Nde5 12.Be2 Nc4 13.Bxc4 bxc4 14.f4 Be7 15.h4 Nb4 
16.h5 d5 17.e5 Nc6 18.Nxc6 Bxc6 19.Bd4 Rb8 20.Ra2 Qd7 21.a5 Bb4 22.Rg1 g6 
23.Bb6 Rxb6 24.axb6 d4 0-1

[Event "Juniorallsvenskan Div I"]
[Site "Limhamn"]
[Date "2013.11.30"]
[Round "3"]
[White "Gonzales, Emilio"]
[Black "Halvarsson, Gustav"]
[Result "1-0"]
[WhiteElo "1645"]
[BlackElo "1574"]

1.e4 e5 2.Nf3 Nf6 3.Nxe5 d6 4.Nf3 Nxe4 5.Nc3 Nf6 6.d4 Be7 7.Bf4 Nc6 8.Qd2 
Bf5 9.a3 a6 10.O-O-O d5 11.Ne5 O-O 12.f3 Na5 13.g4 Be6 14.h4 b5 15.Nb1 c5 
16.dxc5 Bxc5 17.b4 Rc8 18.bxa5 d4 19.Nd3 Ba2 20.Nxc5 Rxc5 21.Bd3 Qd5 22.
Kb2 Rfc8 23.h5 Bxb1 24.Rxb1 Rc3 25.g5 Qc5 26.Ra1 Nd5 27.Be5 b4 28.Bxd4 
bxa3+ 29.Kc1 Qb4 30.Rb1 a2 31.Rxb4 a1=Q+ 32.Rb1 Qa3+ 33.Kd1 Kf8 34.g6 h6 
35.gxf7 Rxc2 36.Bxg7+ Kxg7 37.Rg1+ Kxf7 38.Bg6+ Kf8 39.Qxh6+ Ke7 40.Re1+ 
Kd8 41.Re8+ Kc7 42.Qg7+ Kd6 43.Qe5+ Kc6 44.Rxc8+ Kd7 45.Bf5# 1-0

[Event "Juniorallsvenskan Div I"]
[Site "Limhamn"]
[Date "2013.11.30"]
[Round "3"]
[White "Berggren Torell, Harald"]
[Black "Morling, Joakim"]
[Result "1-0"]
[WhiteElo "2217"]
[BlackElo "2038"]

1.e4 e6 2.d3 d5 3.Qe2 Nf6 4.Nf3 b6 5.e5 Nfd7 6.g3 c5 7.Bg2 Nc6 8.O-O Be7 
9.c4 d4 10.Re1 Bb7 11.Na3 g5 12.h3 h5 13.Nb5 g4 14.hxg4 hxg4 15.Nh2 Ndxe5 
16.Bf4 Rxh2 17.Kxh2 Nf3+ 18.Bxf3 gxf3 19.Qxf3 Kd7 20.Kg1 Qh8 21.Re5 Na5 
22.Qh5 Qg7 23.Rd5+ Bxd5 24.cxd5 Rh8 25.dxe6+ fxe6 26.Qf3 Qh7 27.Rc1 Qh2+ 
28.Kf1 Qh1+ 29.Ke2 Qxf3+ 30.Kxf3 a6 31.Na3 Nc6 32.Nc4 b5 33.Nb6+ Kd8 34.
Re1 Nb4 35.Rxe6 Nxd3 36.Rc6 Ke8 37.Rc8+ Bd8 38.Bg5 Ne5+ 39.Ke4 Nf7 40.Bxd8
Nxd8 41.Rxc5 Rh6 42.Nd5 Kd7 43.Nf4 Nc6 44.Rh5 Rd6 45.Nd3 Re6+ 46.Kd5 Ne7+ 
47.Kxd4 Kd6 48.Kc3 Nd5+ 49.Rxd5+ 1-0

[Event "Juniorallsvenskan Div I"]
[Site "Limhamn"]
[Date "2013.11.30"]
[Round "3"]
[White "Terochin, Piotr"]
[Black "Bengtsson, Jessica"]
[Result "1/2-1/2"]
[WhiteElo "1972"]
[BlackElo "2123"]

1.e4 c5 2.c3 Nf6 3.e5 Nd5 4.d4 cxd4 5.cxd4 d6 6.Nf3 e6 7.Be2 Nc6 8.O-O Be7
9.Nbd2 O-O 10.Bd3 dxe5 11.dxe5 Ndb4 12.Bb1 g6 13.a3 Nd3 14.Qe2 Nxc1 15.
Rxc1 Nd4 16.Nxd4 Qxd4 17.Nf3 Qb6 18.Rc3 Bd7 19.Be4 Rac8 20.Rac1 Rxc3 21.
Rxc3 Rc8 22.Rxc8+ Bxc8 23.Qd2 Qc7 24.g3 Bd7 25.h4 Bb5 26.Qc2 Qxc2 27.Bxc2 
Bc5 28.Be4 b6 29.b4 Be7 30.Nd4 1/2-1/2

[Event "Juniorallsvenskan Div I"]
[Site "Limhamn"]
[Date "2013.11.30"]
[Round "3"]
[White "Subramanian, Aditya"]
[Black "Liedbeck, Patrik"]
[Result "1/2-1/2"]
[WhiteElo "1814"]
[BlackElo "1956"]

1.d4 Nf6 2.c4 g6 3.Nc3 d5 4.cxd5 Nxd5 5.Bd2 Nb6 6.Nf3 Bg7 7.Bg5 c5 8.e3 
Nc6 9.Bb5 cxd4 10.Nxd4 Bd7 11.Nxc6 bxc6 12.Be2 Nd5 13.O-O Bxc3 14.bxc3 
Nxc3 15.Qd2 Nxe2+ 16.Qxe2 f6 17.Bh6 Be6 18.Rfc1 Qd7 19.e4 Kf7 20.Qa6 Rhc8 
21.Be3 Rab8 22.a4 Rb4 23.f3 Rc7 24.Bf4 Qd4+ 25.Kh1 Bc4 26.Qa5 Rcb7 27.Rd1 
Qxa1 28.Rxa1 Rb1+ 29.Qe1 Rxe1+ 30.Rxe1 Rb4 31.Ra1 Ba2 32.Rc1 Bc4 33.Ra1 
Ke6 34.Bd2 Rb2 35.Be3 a6 36.Bc5 Ra2 37.Rxa2 Bxa2 38.Kg1 f5 39.exf5+ gxf5 
40.Kf2 Kf6 41.Ke3 e5 42.f4 e4 43.g3 Bc4 44.Kd4 Bb3 45.a5 Be6 46.Bd6 Kg6 
47.Ke3 Kh5 48.Bc5 Kg4 49.Kf2 Bd5 50.h4 Kh5 51.Ke3 Kg6 52.Kd4 Kf6 53.Bb6 
Ke6 54.Bc5 Bb3 55.Bb6 Bd1 56.Ba7 Bf3 57.Bb6 Bd1 58.Ba7 Bf3 59.Bb6 1/2-1/2

[Event "Juniorallsvenskan Div I"]
[Site "Limhamn"]
[Date "2013.11.30"]
[Round "3"]
[White "Tjarnemo, Jonas"]
[Black "Segerfelt, Louise"]
[Result "1-0"]
[WhiteElo "1811"]
[BlackElo "1767"]

1.e4 e5 2.Nf3 Nc6 3.Bc4 Bc5 4.d3 Nf6 5.Bg5 h6 6.Bh4 d6 7.Nbd2 Na5 8.Bb3 
Nxb3 9.Nxb3 Bb6 10.Qe2 g5 11.Bg3 Bg4 12.h3 Bh5 13.h4 g4 14.Nfd2 c6 15.Nc4 
Bc7 16.O-O-O Qe7 17.Ne3 O-O-O 18.Nf5 Qe6 19.f3 Rhg8 20.Bf2 Nd7 21.d4 Kb8 
22.d5 cxd5 23.Rxd5 Nb6 24.Rd3 gxf3 25.gxf3 d5 26.Nc5 Qf6 27.Rhd1 d4 28.c3 
Rc8 29.cxd4 exd4 30.Bxd4 Be5 31.b4 Na4 32.Kb1 Nxc5 33.Bxc5 Rge8 34.Bd6+ 
Ka8 35.Bxe5 Rxe5 36.Qb2 Qe6 37.Rd8 Rxf5 38.Rxc8+ Qxc8 39.exf5 Qxf5+ 40.Qc2
Qxc2+ 41.Kxc2 Kb8 42.Rd7 Kc8 43.Re7 Bxf3 44.Rxf7 Be4+ 45.Kc3 h5 46.Kd4 Bc2
47.Ke5 Kb8 48.Kf6 a6 49.Kg5 Bd1 50.Rh7 Ka7 51.Rxh5 Bxh5 52.Kxh5 Kb6 53.Kg5
Kb5 54.h5 Kxb4 55.h6 1-0

[Event "Juniorallsvenskan Div I"]
[Site "Limhamn"]
[Date "2013.11.30"]
[Round "3"]
[White "Kenneskog, Theodor"]
[Black "Johansson, Linus"]
[Result "1/2-1/2"]
[WhiteElo "2355"]
[BlackElo "2403"]

1.d4 Nf6 2.Bg5 e6 3.e4 h6 4.Bxf6 Qxf6 5.c3 d6 6.Bd3 g6 7.Ne2 Qg7 8.O-O Be7
9.f4 O-O 10.Nd2 f5 11.Qc2 Nd7 12.Rae1 Nb6 13.c4 Bd7 14.Kh1 Rad8 15.b3 c5 
16.Nf3 Bc8 17.exf5 exf5 18.d5 Nd7 19.Ng3 Rfe8 20.Re2 Bf8 21.Rfe1 Nf6 22.
Qc3 Rxe2 1/2-1/2